[Event "Guingamp op 6th"]
[Site "Guingamp"]
[Date "2002.04.17"]
[Round "3"]
[White "Cloarec, Audrey"]
[Black "Cadic, Florian"]
[Result "1-0"]
[WhiteElo "1550"]
[BlackElo "1240"]
[PlyCount "75"]
[EventDate "2002.04.16"]
[EventType "swiss"]
[EventRounds "7"]
[EventCountry "FRA"]
[SourceTitle "EXT 2003"]
[Source "ChessBase"]
[SourceDate "2002.11.25"]
[SourceVersion "1"]
[SourceVersionDate "2002.11.25"]
[SourceQuality "1"]

1. e4 e5 2. Nf3 Nc6 3. d4 d5 4. Bb5 Qd7 5. Nxe5 Qe6 6. exd5 Qxd5 7. Bxc6+ bxc6 8. 0-0 Nf6 9. Nc3 Qe6 10. Nd3 Bd6 11. Re1 0-0 12. Rxe6 Bxe6 13. Bf4 Bg4 14. f3 Bh5 15. Bxd6 cxd6 16. g4 Bg6 17. Nf4 Rab8 18. Nxg6 hxg6 19. b3 c5 20. dxc5 dxc5 21. Nd5 Rbd8 22. Nxf6+ Kh8 23. Qe1 gxf6 24. Qh4+ Kg7 25. g5 f5 26. Qf2 Rd7 27. Qxc5 Rd2 28. Qc3+ Kg8 29. Qxd2 a5 30. Qxa5 f4 31. Rd1 Re8 32. Rd8 Rxd8 33. Qxd8+ Kg7 34. a4 Kh7 35. a5 Kg7 36. a6 f6 37. Qxf6+ Kh7 38. a7 1-0